000 00588nam a22001937a 4500
005 20251108173040.0
008 250721s1989 xx 000 0 ara d
082 1 4 _a636.2/صال
100 1 _aصالح، أحمد الحاج طه
245 1 0 _aماشية الحليب /
264 1 _aالموصل :
_bدار الكتب للطباعة و النشر،
_c1989.
300 _a356 ص
650 1 7 _aالأبقار
650 1 7 _aتربية المواشي
700 1 _aيونس، أكرم دنون
700 1 _aالراشد، محمود راشد
942 _2ddc
_cBK
999 _c94852
_d94852